[Event "49th Bosna Tournament 2019"]
[Site "Sarajevo/"]
[Date "2019.04.28"]
[Round "3.2"]
[White "Savanovic, Aleksandar"]
[Black "Kozul, Zdenko"]
[Result "1-0"]
[WhiteElo "2423"]
[BlackElo "2589"]
[Annotator "TA"]
[PlyCount "43"]
[EventDate "2019.03.31"]
[EventType "swiss"]
[EventCountry "BIH"]
[SourceTitle "playchess.com"]
[Source "ChessBase"]
[SourceQuality "1"]

{[%evp 20,87,58,55,60,61,70,41,69,61,93,95,241,150,137,143,180,148,147,146,144,141,135,148,116,100,102,76,136,122,145,133,161,158,222,232,333,228,490,478,1192,1175,1227,1200,853,390,375,368,322,281,367,358,527,534,582,558,602,576,835,601,1319,897,29984,29977,29982,470,848,771,1477,708]} 1. e4 c5 2. Nf3 Nc6 3. d4 cxd4 4. Nxd4 Nf6 5. Nc3 d6 6. Bg5 e6 7. Qd2 a6 8. O-O-O Bd7 9. f4 b5 10. Bxf6 gxf6 11. Kb1 h5 {B67: Sicilian: Richter-Rauzer: 7...a6 8 0-0-0 Bd7, lines without 9 f4 Be7} (11... Qb6 12. Nxc6 Bxc6 13. f5 b4 14. Ne2 e5 15. Ng3 h5 16. Bc4 h4 17. Nf1 Bxe4 18. Qe2 Bxf5 19. Ne3 Be6 20. Qf3 Rc8 21. Bxe6 fxe6 22. Qxf6 {1-0 (38) Quesada Perez,Y (2612)-Motylev,A (2661) Saint Louis 2018}) 12. Nxc6 Bxc6 13. Qe1 Qe7 {White is slightly better.} 14. Bd3 O-O-O $146 {[#]} ({Predecessor:} 14... Rg8 15. Rg1 b4 16. Ne2 Qa7 17. f5 Qc5 18. fxe6 fxe6 19. Nf4 Qe5 20. Rf1 {1-0 (37) Perunovic,M (2558)-Blasko,I (2403) Winterthur 2010}) 15. a4 $1 {[%cal Ra4b5][%mdl 512]} Qd7 (15... Qb7 $16) (15... bxa4 16. Bxa6+) 16. Qe2 {[%cal Ra4b5]} bxa4 17. Bxa6+ Kb8 18. Rd4 {Threatens to win with Nd5!} d5 19. exd5 exd5 20. Rhd1 {Rxd5 is the strong threat.} Bc5 21. Rxd5 Bxd5 22. Nxd5 {Played: Rd1xd5} 1-0

[Event "49th Bosna Tournament 2019"]
[Site "Sarajevo/"]
[Date "2019.04.28"]
[Round "3.3"]
[White "Djukic, Nikola"]
[Black "Subelj, Jan"]
[Result "*"]
[WhiteElo "2566"]
[BlackElo "2407"]
[Annotator "TA"]
[PlyCount "32"]
[EventDate "2019.03.31"]
[EventType "swiss"]
[EventCountry "BIH"]
[SourceTitle "playchess.com"]
[Source "ChessBase"]
[SourceQuality "1"]

{[%evp 15,24,8,0,0,7,-20,-13,-12,-4,-8,-21]} 1. e4 e5 2. Nf3 Nc6 3. Bb5 a6 4. Ba4 d6 5. Bxc6+ bxc6 6. d4 exd4 7. Nxd4 c5 8. Ne2 Nf6 {The position is equal.} 9. Nbc3 {C73: Ruy Lopez: Deferred Steinitz: 5 Bxc6+} Bb7 10. Ng3 g6 11. O-O Bg7 12. Bf4 O-O {Predecessor:} 13. Qd2 $146 Re8 14. Rfe1 Qd7 15. Rad1 Qc6 16. Bh6 Bh8 {½-½ (41) Gaprindashvili,N (2430)-Knaak,R (2500) Leipzig 1977} *

[Event "49th Bosna Tournament 2019"]
[Site "Sarajevo/"]
[Date "2019.04.28"]
[Round "3.4"]
[White "Ozen, Deniz"]
[Black "Brkic, Ante"]
[Result "1/2-1/2"]
[WhiteElo "2403"]
[BlackElo "2560"]
[Annotator "TA"]
[PlyCount "71"]
[EventDate "2019.03.31"]
[EventType "swiss"]
[EventCountry "BIH"]
[SourceTitle "playchess.com"]
[Source "ChessBase"]
[SourceQuality "1"]

{[%evp 9,71,12,14,6,7,12,12,16,12,20,31,1,10,0,19,0,0,0,0,-20,-4,-22,0,-2,-2,-10,-8,-6,0,-11,-10,-16,-13,-14,-13,-18,-22,-27,-21,-22,-19,-18,-19,-29,-18,-22,-20,-24,-19,-23,-20,-30,-25,-37,-14,-14,-12,-11,-1,-4,-2,-2,0,0]} 1. e4 c5 2. Nf3 d6 3. Bb5+ Nd7 4. O-O a6 5. Bd3 Ngf6 6. c3 {B51: Sicilian: Moscow Variation (3 Bb5+) without 3...Bd7} b5 7. Bc2 Bb7 8. Re1 c4 9. a4 e6 10. axb5 axb5 11. Rxa8 Qxa8 12. Na3 Bxe4 13. Bxe4 Nxe4 {[#]} 14. Nxb5 $146 {[#] Black must now prevent Nc7+.} Qb7 $1 15. d3 cxd3 16. Qxd3 d5 $1 17. Be3 Bc5 18. c4 {Black should prevent cxd5.} Bxe3 19. Qxe3 {[#] Threatens to win with Qa3.} O-O 20. cxd5 Qxb5 21. Qxe4 Nf6 22. Qc2 Nxd5 23. h3 Rb8 24. Rb1 Qb3 25. Qxb3 Rxb3 $11 {[%mdl 4096] Endgame KRN-KRN} 26. Nd4 Rb7 (26... Rb6 {looks sharper.} 27. b3 g5 28. Nf3 f6 29. g3 Kf7) 27. b3 Kf8 28. Kf1 Ke7 29. g3 Kd6 30. Rb2 Kc5 31. Nc2 Rd7 32. Ra2 {The position is equal.} Nc3 33. Ra8 {Strongly threatening Rc8+.} Ne4 {Threatening ...Rd2.} 34. Ke2 Kb6 35. Rc8 Nd6 36. Rh8 {Accuracy: White = 57%, Black = 67%.} 1/2-1/2

[Event "49th Bosna Tournament 2019"]
[Site "Sarajevo/"]
[Date "2019.04.28"]
[Round "3.5"]
[White "Kadric, Denis"]
[Black "Borsuk, Konstantin"]
[Result "1-0"]
[WhiteElo "2542"]
[BlackElo "2368"]
[Annotator "TA"]
[PlyCount "75"]
[EventDate "2019.03.31"]
[EventType "swiss"]
[EventCountry "BIH"]
[SourceTitle "playchess.com"]
[Source "ChessBase"]
[SourceQuality "1"]

{[%evp 13,75,26,26,26,23,28,27,28,41,30,28,28,55,36,38,13,13,14,20,0,0,0,0,0,0,0,0,0,0,0,0,-8,0,0,0,-84,-26,-29,0,-158,-5,-53,-44,-44,97,-12,-12,-12,0,0,131,96,352,20,48,0,0,0,277,275,428,275,275,279]} 1. e4 c6 2. d4 d5 3. e5 Bf5 4. h4 h5 5. c4 e6 6. Nc3 Nd7 7. cxd5 cxd5 8. Bd3 {B12: Caro-Kann: Advance Variation} Bxd3 9. Qxd3 a6 (9... Ne7 10. Nf3 a6 11. O-O Nc6 12. Ng5 Be7 13. Ne2 Qb6 14. a3 Rc8 15. b4 Qb5 {1-0 (32) Popov,I (2650)-Rozum,I (2535) Kazan 2014}) 10. Nf3 {White has an edge.} Be7 11. Bg5 Nh6 12. O-O Nb8 13. Rac1 $146 ({Predecessor:} 13. Na4 Nc6 14. Nc5 Qb6 15. Bxe7 Nxe7 {1-0 (30) Kalod,R (2500)-Feuerstack,A (2421) Pardubice 2011}) 13... Nc6 14. Na4 Bxg5 15. hxg5 Nf5 16. Nc5 Qe7 17. Rc3 O-O 18. Rfc1 Rfc8 (18... Nb4 $5 19. Qb1 $8 Nc6 $11) 19. Qd2 g6 20. Na4 {Hoping for Nb6.} Qd8 21. Nc5 Qe7 22. Rb3 Rc7 23. Rbc3 $1 Rac8 24. g3 (24. Nxb7 $11 {remains equal.} Ncxd4 25. Nxd4 Rxc3 26. Rxc3 Rxc3 27. Nxf5 gxf5 28. Qxc3 Qxb7 29. b4) 24... Na7 (24... Ncxd4 $17 25. Nxd4 Rxc5 26. Nxf5 exf5) 25. a4 Nc6 26. R3c2 $2 {[#]} ({White should try} 26. Nxb7 $11 Nfxd4 27. Nxd4 Nxd4 28. Qxd4 Rxc3 29. Rxc3 Qxb7 30. Rxc8+ Qxc8 31. b4) 26... a5 $2 ({Black should play} 26... Nfxd4 $1 $17 {[%mdl 512]} 27. Nxd4 Nxd4 28. Qxd4 b6) 27. Nb3 (27. Nxb7 $5 Ncxd4 28. Nxd4 Rxc2 29. Rxc2 Rxc2 30. Nxc2 Qxb7 31. Nd4 $15) 27... Qd8 28. Rc5 Nfe7 (28... b6 $15 {stays ahead.} 29. R5c3 Nb4) 29. R5c3 (29. Nxa5 $16 Qd7 30. Nxc6 Rxc6 31. Qb4) 29... b6 30. g4 hxg4 31. Nh2 Nb4 (31... Na7 $11) 32. Nxg4 $16 Rxc3 $4 {[%mdl 8192]} (32... Kf8 $16 {was called for.}) 33. Rxc3 $2 (33. bxc3 $18 Nbc6 34. Nf6+ Kf8 35. Kg2) 33... Kg7 34. Nf6 Qh8 35. Kg2 {[#] Strongly threatening Rh3.} Nf5 $2 {[%mdl 8192]} (35... Rxc3 $1 $11 {and Black is okay.} 36. bxc3 Nbc6) 36. Rh3 $18 Nh4+ (36... Qxh3+ $142 37. Kxh3 Rc2) 37. Kg3 Nf5+ 38. Kh2 {Accuracy: White = 49%, Black = 29%.} 1-0

[Event "49th Bosna Tournament 2019"]
[Site "Sarajevo/"]
[Date "2019.04.28"]
[Round "3.6"]
[White "Burovic, Rijad"]
[Black "Sadikhov, Ulvi"]
[Result "0-1"]
[WhiteElo "2393"]
[BlackElo "2479"]
[Annotator "TA"]
[PlyCount "154"]
[EventDate "2019.03.31"]
[EventType "swiss"]
[EventCountry "BIH"]
[SourceTitle "playchess.com"]
[Source "ChessBase"]
[SourceQuality "1"]

{[%evp 10,154,14,22,60,21,115,75,75,75,69,74,77,25,27,29,33,21,55,3,56,39,39,41,33,37,40,41,47,37,37,27,66,47,72,72,70,76,110,110,102,103,108,105,102,102,201,153,194,195,194,195,157,158,247,247,209,131,133,100,200,95,272,272,268,0,194,0,216,194,380,125,365,312,692,689,655,547,907,888,842,795,720,448,429,388,402,388,388,388,388,381,381,379,1486,1489,1342,0,1126,340,357,270,204,194,1408,1283,1329,1321,1033,759,946,894,843,340,372,360,278,0,8,0,222,8,8,8,8,8,8,-29977,-29978,-29982,-29983,-29983,-29984,-29984,-29985,-29985,-29986,-29986,-29987,-29987,-29988,-29988,-29989,-29989,-29989,-29989,-29990]} 1. e4 Nc6 2. d4 d5 3. exd5 Qxd5 4. Nf3 Bg4 5. Be2 O-O-O 6. Be3 Qh5 {B01: Scandinavian Defence} (6... e5 7. c4 Qa5+ 8. Bd2 Bb4 9. d5 Bxf3 10. Bxf3 Nd4 11. Nc3 Qa6 12. Be2 Nf6 13. a3 Bxc3 14. Bxc3 Nxe2 15. Qxe2 {1-0 (57) Morozevich,A (2769)-Grischuk,A (2761) Moscow 2012}) 7. Nbd2 Nf6 (7... e5 $11) 8. c4 e5 {[%cal Re5d4] White is better.} 9. d5 Nd4 10. Nxd4 exd4 11. Bxd4 (11. Bxg4+ $16 Nxg4 12. Bxd4) 11... Bxe2 $11 12. Qxe2 Re8 {[%csl Ge8][%cal Rh5e2][%mdl 64] Pin} 13. Be3 Qg6 {[#]} 14. Qf3 $146 ({Better is} 14. O-O $14) ({Predecessor:} 14. O-O Ng4 15. Rfe1 Bd6 {0-1 (62) Romanov,E (2501)-Lysyj,I (2576) St Petersburg 2007}) 14... Ng4 (14... Bc5 $11 15. O-O-O Bxe3 16. fxe3 Re7) 15. O-O-O Ne5 16. Qg3 Qf5 17. Qh3 Qxh3 18. gxh3 Bb4 19. b3 $36 {[%mdl 2048] White has the initiative.} ({Reject} 19. Bxa7 b6 $17) 19... a6 20. Kc2 Kd7 21. Rde1 Bxd2 22. Bxd2 Nf3 23. Re3 Nd4+ 24. Kd3 Nf5 25. Rxe8 Rxe8 26. Re1 Rxe1 27. Bxe1 $16 {[%mdl 4096] Endgame KB-KN} c5 (27... c6 $16) 28. Ba5 Kd6 29. Ke4 Ne7 30. Bc3 f6 31. h4 h5 (31... b5 $16 32. h5 bxc4) 32. Bd2 $18 Ng6 33. Bf4+ Kd7 34. Bg3 Ne7 (34... b6 $16 {might work better.} 35. f4 Ne7) 35. f3 (35. a4 $1 $18) 35... g6 $2 (35... b6 $16 {keeps fighting.}) 36. Bf2 Kd6 37. Bg3+ Kd7 38. Bf2 Kd6 $1 39. a3 a5 $2 (39... b6 40. b4 Nc8) 40. Bg3+ Kd7 41. Be1 $1 b6 $2 (41... a4 42. bxa4 Nc8) 42. Bc3 Ng8 43. f4 Nh6 44. Bxf6 Nf5 45. Kd3 Nd6 46. Bc3 Nf5 47. Be1 Kd6 48. Bf2 Ne7 49. b4 a4 50. bxc5+ bxc5 51. Ke4 Nf5 $2 (51... Nc8 52. Bg1 Ne7) 52. Kf3 Ne7 53. Ke4 Nf5 54. Bg3 $2 (54. h3 Ne7 55. f5 $1 {[%mdl 512]} gxf5+ 56. Kf4) 54... Ke7 55. Be1 Nd6+ 56. Kd3 Nf5 $2 (56... Nb7 57. Bf2 Kd7) 57. Bf2 Kd6 58. Ke4 Ne7 59. f5 gxf5+ 60. Kf4 Nc8 61. Kxf5 (61. Bg3 $142) 61... Nb6 62. Bg3+ Kd7 63. Bf2 $2 (63. Bf4 $1 $18) 63... Kd6 $1 $11 64. Bg3+ $2 (64. Be3 $11) 64... Kd7 $18 65. Kg6 $2 ({Don't take} 65. Bf2 $6 Kd6 $16) (65. Bf4 $1 $18) 65... Nxc4 $11 66. Kxh5 {Black must now prevent Kg6.} Nxa3 67. Be5 {Strongly threatening Kg6.} Nb5 68. Ba1 $2 {[%mdl 8192]} (68. Kg6 $11 Nd4 69. h5) 68... c4 $1 {[%cal Rc4c3] Black mates.} 69. Kg6 {[#]} c3 $1 70. Bxc3 Nxc3 71. h5 Nxd5 {KN-KPP} ({Less strong is} 71... a3 72. h6 $15) 72. h6 {[#]} Nf6 $1 {[%mdl 576] Promotion} 73. Kxf6 a3 74. h7 a2 75. Kf7 a1=Q 76. Kg8 Qa8+ 77. Kg7 Qg2+ {Accuracy: White = 56%, Black = 47%.} 0-1

[Event "49th Bosna Tournament 2019"]
[Site "Sarajevo/"]
[Date "2019.04.28"]
[Round "3.7"]
[White "Jakovljevic, Vlado"]
[Black "Kjartansson, Gudmundur"]
[Result "1-0"]
[WhiteElo "2356"]
[BlackElo "2444"]
[Annotator "TA"]
[PlyCount "119"]
[EventDate "2019.03.31"]
[EventType "swiss"]
[EventCountry "BIH"]
[SourceTitle "playchess.com"]
[Source "ChessBase"]
[SourceQuality "1"]

{[%evp 16,119,13,28,31,15,27,27,65,72,69,60,60,67,72,45,41,20,109,64,68,56,89,97,100,34,45,41,57,54,74,49,49,46,46,52,62,0,51,18,121,142,196,24,62,62,51,40,124,117,395,371,372,350,432,93,6079,85,87,95,100,0,66,0,115,74,108,108,104,111,1034,1007,2181,2181,1945,1965,1268,1112,3165,3089,3191,3268,3184,2900,2393,2357,1595,1117,2374,1451,1976,2428,5191,5348,2482,1683,29968,29974,29990,29987,29987,29988,29988,29989,29997,29998]} 1. Nf3 d5 2. d4 Nf6 3. c4 e6 4. Nc3 c6 5. e3 Nbd7 6. Be2 dxc4 7. a4 Be7 8. Bxc4 O-O 9. O-O b6 {D45: Semi-Slav: 5 e3} (9... Qc7 10. Qe2 {½-½ (10) Slipak,S (2502)-Rodriguez Vila,A (2567) Vicente Lopez 2004}) 10. Qe2 Bb7 11. e4 a6 {White has an edge.} 12. e5 Nd5 13. Nxd5 cxd5 $146 ({Predecessor:} 13... exd5 14. Bd3 c5 {1-0 (28) Comas Fabrego,L (2435)-Accensi Estrada,M Sitges 1993}) 14. Bd3 Nb8 15. Bd2 Nc6 16. Rac1 Qd7 (16... Nb4 $11) 17. Bb1 Rfc8 18. h4 Qd8 19. Qd3 g6 20. Ng5 (20. h5 $1 $16) 20... a5 21. Rfe1 Ba6 22. Qf3 Qe8 23. Qg4 h5 $1 {[%cal Rh5g4]} 24. Qf4 Bxg5 25. hxg5 Nb4 26. Bxb4 (26. Rxc8 $1 $14 Qxc8 27. Rc1) 26... axb4 (26... Rxc1 $1 $11 27. Rxc1 axb4) 27. Qf6 Ra7 (27... Rxc1 $1 $11 28. Rxc1 Bc4) 28. Rxc8 $1 $16 Qxc8 {[#]} (28... Bxc8 $16 29. g4 hxg4) 29. Qf4 $2 (29. g4 $1 $18 {[%cal Rg4h5][%mdl 512]} h4 (29... hxg4 30. Kg2) 30. Kg2) 29... Bc4 30. g4 $1 {[%cal Rg4h5]} hxg4 31. Kg2 {Threatens to win with Qf6.} Qd8 (31... Rxa4 $2 32. Qf6 $18) ({Black should play} 31... Qf8 $1 $14) 32. Qxg4 b3 $2 {[%mdl 8192]} ({Don't blunder} 32... Rxa4 $2 33. Rh1 $18) (32... Qf8 $16 {was necessary.}) 33. Rh1 $18 {Qh4 is the strong threat.} Qf8 34. Rh6 Kg7 ({Don't play} 34... Rxa4 35. Bxg6 $1 {[%mdl 512]} Qg7 36. Qh5 $18) 35. Kg3 $2 (35. Qh3 $18 {Intending Rh7+ and mate.} Qg8 36. Rh4) 35... Rxa4 $2 {[%mdl 8192] [#]} (35... Qg8 $16) 36. Qh4 $2 (36. Bxg6 $1 $18 {[%mdl 512] is the precise move to win.} Be2 (36... fxg6 37. Qxe6) 37. Qf4) 36... Qg8 $16 37. Qf4 $40 {[%mdl 1152] White has strong compensation. White attacks with force.} Qd8 38. Qh4 Qg8 39. Qf4 Qd8 40. Rh1 {Black must now prevent Qh4.} Ra8 41. Kf3 b5 42. Ke3 Rc8 $2 {[%mdl 8192]} (42... b4 $16) 43. Rh6 $18 Ra8 44. Qf6+ $1 Qxf6 45. exf6+ Kg8 {[#]} 46. Bxg6 $1 {[%mdl 512]} fxg6 47. Rxg6+ {[%mdl 4096] Endgame KRB-KR} Kf8 48. Rh6 {Threatening mate with Rh8+.} Kf7 49. Rh7+ Kg6 50. Rg7+ Kf5 51. f7 Rf8 52. g6 Kf6 53. Rg8 Ke7 54. Kf4 Bd3 {[#]} 55. Kg5 $1 e5 56. dxe5 {White mates.} d4 57. Rxf8 {[%mdl 64] Overworked Piece} Kxf8 58. Kf6 {[%csl Gf6][%cal Rg6g7]} Bxg6 59. Kxg6 d3 60. Kf6 {Accuracy: White = 51%, Black = 29%.} 1-0

[Event "49th Bosna Tournament 2019"]
[Site "Sarajevo/"]
[Date "2019.04.28"]
[Round "3.8"]
[White "Bistric, Faruk"]
[Black "Nestorovic, Nikola"]
[Result "0-1"]
[WhiteElo "2347"]
[BlackElo "2473"]
[Annotator "TA"]
[PlyCount "98"]
[EventDate "2019.03.31"]
[EventType "swiss"]
[EventCountry "BIH"]
[SourceTitle "playchess.com"]
[Source "ChessBase"]
[SourceQuality "1"]

{[%evp 9,98,-8,21,-43,-49,-41,-37,-64,-57,-67,-59,-62,-55,-71,-19,-31,-24,-33,-25,-50,-41,-68,64,-52,-25,-59,-62,-56,-43,-80,-72,-158,-168,-221,-222,-239,-238,-247,-249,-270,-277,-270,-280,-272,-289,-258,-263,-332,-343,-338,-337,-354,-350,-345,-344,-343,-325,-337,-327,-323,-296,-856,-842,-783,-731,-1243,-1220,-1207,-1187,-939,-913,-919,-835,-801,-753,-1114,-1290,-1418,-1513,-1617,-1449,-1666,-1624,-2339,-2078,-1429,-1073,-5114,-5077,-2229,-1355]} 1. f4 d5 2. Nf3 g6 3. g3 Bg7 4. Bg2 c6 5. O-O Qb6+ 6. Kh1 {A03: Bird's Opening with 1...d5} ({White should try} 6. d4 $11) (6. d4 Bf5 7. c3 Nd7 8. h3 Be4 9. Nbd2 Bxf3 10. Nxf3 Ngf6 11. Ne5 O-O 12. Qb3 Rfd8 13. Be3 Ne8 {½-½ (23) Kamsky,G (2702)-Polgar,J (2682) Baku 2010}) 6... Bxb2 $15 7. Bxb2 Qxb2 8. Nc3 {Black is slightly better.} Nf6 9. Rb1 Qa3 10. Qe1 Nbd7 $146 ({Predecessor:} 10... O-O 11. d3 Nbd7 12. e4 dxe4 13. dxe4 Nc5 {0-1 (46) Vaulin,A (2492)-Yevseev,D (2539) Koszalin 1999}) 11. d3 Qd6 (11... O-O $17) 12. e4 dxe4 13. Nxe4 Nxe4 14. dxe4 e5 15. Qc3 f6 (15... O-O $15 16. f5 (16. fxe5 Qc5 $15) (16. Nxe5 Nxe5 17. fxe5 Qc7 $15) 16... Qe7) 16. Rbd1 (16. Bh3 $1 $14) 16... Qe7 17. Qa5 exf4 18. gxf4 O-O 19. Qc7 Re8 20. e5 (20. f5 $142) 20... fxe5 $17 21. Ng5 {[#]} (21. Rfe1 {is a better defense.}) 21... Nb6 $1 $19 22. Qxe7 Rxe7 23. Rd8+ Kg7 24. fxe5 {intending Rff8.} Bf5 ({Don't go for} 24... Rxe5 $2 25. Rf7+ Kh6 26. h4 $18) 25. Rxa8 Nxa8 26. Be4 Rxe5 27. Bxf5 Rxf5 28. Rxf5 gxf5 {[%mdl 4096] Endgame KN-KN} 29. Ne6+ Kf6 30. Nd8 b5 31. Nxc6 {[#]} a6 $1 {[%cal Ba7a6,Ba6a5,Ba5a4][%mdl 32]} 32. Kg2 Nc7 33. Kf3 Nd5 34. a3 Kg5 35. Nb8 $2 (35. Nd4) 35... a5 {Black is clearly winning.} 36. Nc6 a4 37. Nd4 b4 38. axb4 Nxb4 39. c3 Nd5 40. Nb5 Nb6 41. Na3 Kf6 42. c4 Nd7 43. Kf4 Nc5 44. Nb5 Ne6+ 45. Kf3 Ke5 46. Ke3 f4+ 47. Kd3 Nc5+ 48. Kc3 f3 49. Kd2 Ke4 {Accuracy: White = 28%, Black = 80%.} 0-1

[Event "49th Bosna Tournament 2019"]
[Site "Sarajevo/"]
[Date "2019.04.28"]
[Round "3.9"]
[White "Klasan, Vladimir"]
[Black "Maksimovic, Bojan"]
[Result "0-1"]
[WhiteElo "2366"]
[BlackElo "2288"]
[Annotator "TA"]
[PlyCount "88"]
[EventDate "2019.03.31"]
[EventType "swiss"]
[EventCountry "BIH"]
[SourceTitle "playchess.com"]
[Source "ChessBase"]
[SourceQuality "1"]

{[%evp 14,88,22,22,27,17,20,11,23,16,20,2,20,16,22,33,27,26,50,17,22,10,0,0,12,7,35,-18,-8,-10,29,0,0,0,42,12,19,0,0,0,-4,-25,-24,-32,-16,-89,-83,-100,-111,-220,-217,-304,-303,-301,-291,-517,-518,-490,-498,-479,-480,-532,-543,-565,-352,-381,-258,-1252,-1216,-1169,-1135,-29987,-29988,-29988,-29989,-29989,-29990]} 1. e4 g6 2. d4 Bg7 3. Nc3 d6 4. Be3 a6 5. Qd2 b5 {[%cal Bb7b5,Bb5b4][%mdl 32]} 6. a4 b4 7. Nd1 a5 8. c3 Nf6 {B06: Modern Defence} 9. f3 bxc3 10. bxc3 O-O {The position is equal.} 11. Bd3 e5 (11... Ba6 12. Ne2 Nbd7 13. O-O Nb6 14. Bxa6 Rxa6 15. Qd3 Ra8 16. Bf2 Qd7 17. Nb2 {½-½ (54) Anand,V (2757)-Azmaiparashvili,Z (2676) Dubai 2002}) 12. Ne2 exd4 13. cxd4 Nc6 14. O-O Nb4 15. Nf2 $146 ({Predecessor:} 15. Ndc3 d5 16. e5 {0-1 (40) Kurmann,O (2424)-Parligras,M (2576) Warsaw 2013}) 15... Re8 16. Rfc1 c6 17. Nc3 Be6 18. Bf1 Nd7 19. Nd3 Nb6 20. Nb2 (20. Nxb4 $14 axb4 21. Nd1) 20... Rb8 21. Ncd1 Qd7 22. Nf2 (22. d5 $5 cxd5 23. Bb5 $14) 22... d5 23. e5 Bf8 24. Bh6 Be7 25. Qf4 Qd8 26. Nfd3 Nd7 27. Nxb4 Rxb4 28. Nd3 Rc4 $1 29. Rxc4 (29. Nf2 $11 {keeps the balance.} Rxc1 30. Rxc1) 29... dxc4 $17 30. Nb2 Nb6 31. Qc1 (31. Qd2 $17 {is a better defense.}) 31... c5 $19 32. dxc5 (32. d5 $142 Qxd5 33. Bd2) 32... Bxc5+ 33. Be3 Qc7 34. f4 $2 (34. Qe1 {was worth a try.}) 34... Nd5 35. Bxc5 Qxc5+ 36. Kh1 c3 37. Nc4 Rb8 38. Nd6 Qd4 39. f5 c2 {( -> ...Qxa1)} 40. fxe6 $2 {[#]} (40. Nb5 Rxb5 41. axb5 Bxf5 42. Rxa5) 40... Qxa1 $3 {[%mdl 512]} 41. exf7+ {[#]} (41. Qxa1 Rb1) 41... Kg7 $1 42. Ne8+ Kxf7 {Black mates.} 43. e6+ Kxe6 44. Nc7+ {[#]} Kf7 $1 {Accuracy: White = 35%, Black = 66%.} 0-1

[Event "49th Bosna Tournament 2019"]
[Site "Sarajevo/"]
[Date "2019.04.29"]
[Round "4.1"]
[White "Subelj, Jan"]
[Black "Kadric, Denis"]
[Result "0-1"]
[WhiteElo "2407"]
[BlackElo "2542"]
[Annotator "TA"]
[PlyCount "66"]
[EventDate "2019.03.31"]
[EventType "swiss"]
[EventCountry "BIH"]
[SourceTitle "playchess.com"]
[Source "ChessBase"]
[SourceQuality "1"]

{[%evp 14,66,8,0,24,22,29,20,25,16,32,28,11,0,8,10,24,0,23,29,29,-67,-65,-134,-134,-134,-134,-134,-144,-193,-185,-235,-212,-235,-212,-212,-212,-212,-212,-279,-238,-275,-268,-254,-212,-322,-322,-356,-331,-368,-324,-444,-431,-471,-362]} 1. e4 c6 2. d4 d5 3. Nd2 dxe4 4. Nxe4 Nf6 5. Nxf6+ exf6 6. Nf3 Bd6 7. Be2 O-O 8. O-O Qc7 {B15: Caro-Kann: 3 Nc3: 3...g6 and 3...dxe4 4 Nxe4 Nf6 5 Nxf6+ exf6} (8... Re8 9. c4 Nd7 10. Bd3 Nf8 11. h3 Ng6 12. Qc2 Qa5 13. c5 Bb8 14. Bd2 Qd8 15. Rfe1 Be6 16. Bc4 Nf8 {0-1 (47) Nepomniachtchi,I (2767)-Carlsen,M (2840) Doha 2016}) 9. c4 c5 10. d5 Nd7 $146 {The position is equal.} ({Predecessor:} 10... Bg4 11. h3 Bh5 12. Nh4 Bg6 13. Nxg6 hxg6 14. Bd3 Nd7 15. f4 Rfe8 16. Bd2 {½-½ (35) Vorsilka,J (2005)-Vojta,T (2240) Most 1999}) 11. h3 Ne5 12. Qc2 Bd7 13. Be3 Rae8 14. Rae1 Qc8 15. Nxe5 Rxe5 16. Bd3 Rfe8 17. Qd1 (17. Bd2 $1 $11) 17... Bxh3 $1 $15 18. Bf4 {[#]} (18. Bd2 $15) 18... Bxg2 $1 $17 {[%mdl 512]} 19. Kxg2 Rxe1 20. Rxe1 Bxf4 21. Bf5 Qb8 22. b4 g6 23. Bg4 b6 {[%cal Bb7b6,Bb6c5][%mdl 32]} 24. bxc5 bxc5 25. Rxe8+ Qxe8 26. Qb1 Qe7 27. a4 a5 28. Qb5 Bc7 29. Bf3 (29. Qd7 $142 Qe5 {[#]} 30. d6 $1 {[%mdl 512]} Bxd6 31. Bf3) 29... Kg7 $19 30. Kf1 h5 31. Bg2 f5 32. Bf3 h4 33. Bg2 g5 {Accuracy: White = 35%, Black = 84%.} 0-1

[Event "49th Bosna Tournament 2019"]
[Site "Sarajevo/"]
[Date "2019.04.29"]
[Round "4.2"]
[White "Sadikhov, Ulvi"]
[Black "Savanovic, Aleksandar"]
[Result "1-0"]
[WhiteElo "2479"]
[BlackElo "2423"]
[Annotator "TA"]
[PlyCount "56"]
[EventDate "2019.03.31"]
[EventType "swiss"]
[EventCountry "BIH"]
[SourceTitle "playchess.com"]
[Source "ChessBase"]
[SourceQuality "1"]

{[%evp 17,56,7,6,0,0,0,0,-21,-7,-14,0,0,8,0,26,21,33,6,0,-63,-52,-66,22,-40,80,83,68,66,89,83,69,70,83,100,236,221,327,331,327,292,452]} 1. Nf3 d5 2. g3 Nf6 3. Bg2 c5 4. O-O Nc6 5. d3 e6 6. Nbd2 Be7 7. e4 O-O 8. Re1 b5 9. exd5 exd5 10. a4 {C00: French: Unusual White 2nd moves} b4 11. Nb3 Be6 (11... Bg4 12. h3 Bh5 13. g4 Bg6 14. Bf4 Rc8 15. Ne5 Nxe5 16. Bxe5 Bd6 17. Qd2 Bxe5 18. Rxe5 {1-0 (34) Karjakin,S (2783)-Meier,G (2630) chess.com INT 2017}) 12. d4 {The position is equal.} c4 13. Nc5 Bxc5 $146 ({Predecessor:} 13... Bg4 14. Bg5 Rc8 15. c3 bxc3 16. bxc3 Bxc5 17. dxc5 h6 18. Bxf6 Qxf6 19. Qxd5 {½-½ (42) Czebe,A (2473)-Kovacs,G (2456) Hungary 2016}) 14. dxc5 Ne4 15. Be3 Qf6 16. Nd4 Rac8 17. Nxe6 fxe6 18. f3 (18. Qe2 $11) 18... d4 $15 19. Bf4 e5 (19... Nxc5 $15 20. Bd6 {[%mdl 64] Double Attack} Qf5) 20. Qe2 (20. fxe4 exf4 21. gxf4 Qxf4 $15) ({White should play} 20. Rxe4 $11 exf4 21. Qe2 (21. Rxf4 Qe5 $11)) 20... exf4 (20... Na5 $15 {stays ahead.}) 21. Qxc4+ $16 ({Of course not} 21. Qxe4 fxg3 22. hxg3 Qg5 $15) 21... Kh8 {White must now prevent ...Ng5.} 22. Rxe4 fxg3 {[#]} 23. Rae1 $1 $36 {[%mdl 2048] White has strong initiative.} gxh2+ 24. Kh1 Qf5 25. f4 Na5 (25... Nb8 $16) 26. Qxb4 $18 Qxc5 (26... Nc6 {was necessary.} 27. Qb5 a6) 27. Qxc5 ({Less strong is} 27. Rxd4 Qxb4 28. Rxb4 Rxc2 $14) ({Not} 27. Qxd4 Qxc2 28. b4 (28. Qxa7 Nc4 $16) 28... Nb3 $16) 27... Rxc5 28. b4 {[%mdl 64] [#] Double Attack} Rcc8 {Accuracy: White = 49%, Black = 20%.} (28... Rxc2 $142 29. bxa5 d3) 1-0